000 00663nam a22002417a 4500
003 UA-OsUOA
001 27931
007 ta
008 20040916b un ||||| |||| 00| 0 ukr d
100 _aПлатонов В.Н.
090 _a798.015.4:797
_bП34
942 _cBK
040 _aUA-OsUOA
_brus
_cUA-OsUOA
_dUA-OsUOA
245 _aСпециальная физическая подготовка пловцов высших разрядов
300 _a240 с.
_bІлюстрації
955 _a0
041 _arus
080 _a798.015.4:797
260 _aКиев
_bЗдоров'я
_c1974
044 _aRU
650 7 _2UDC
999 _c314283
_d314283